00408 2200157 4500001002100000005001500021035002000036245006500056100002400121300001100145260004800156082000800204084001400212990001200226990001200238INLIS00000000000194620250522094527 a0010-05250002381 aMembangun Kembali Jati Diri Bangsa /cH. Soemarmo Soedarsono0 aSoemarmo Soedarsono a63 hlm aJakarta :bPT. Elex Media Komputindo,c2008 a000 a000 SOE m a0713482 a0713483